Leader xxxxxxxxxx
001 __ PCLIS00041940
005 __ 20030324190541.0
008 __ chi
010 0_ |a957-08-2297-X|b平裝|dNT$280
020 __ |acw|b90015267
042 __ |anbi9801cas
090 __ |a(nbi)b41385664
100 __ |a20010831d2001 m y0chib09 e
101 0_ |achi
102 __ |atw
105 __ |aac z 000zd
200 1_ |a上海的豪門舊夢|e|f宋路霞著
205 __ |a初版
210 __ |a臺北市|c聯經|d2001[民90]
215 0_ |a351面|c圖, 像|d21公分
225 2_ |a文化叢刊|v
260 1_ |a2001
300 __ |a
410 _0 |12001 |a文化叢刊
681 __ |a857.85|b8657
700 _1 |a宋|b路霞|f1952-|4著|3NO000200332
702 __ |a|b|4
801 _0 |atw|bCIP|c20010831|gCCR
801 _1 |atw|bCIP|c20010831|gCCR
801 _2 |atw|b元智|c20030324|gCCR
|